[Event "Pirai do Sul op 25th"]
[Site "Chess.com INT"]
[Date "2020.12.27"]
[Round "7"]
[White "Fonseca, Jeferson dos Santos"]
[Black "Rodrigues Mota, Romulo Cardoso S"]
[Result "1/2-1/2"]
[WhiteElo "1553"]
[BlackElo "1634"]
[PlyCount "100"]
[EventDate "2020.12.26"]
[EventType "swiss"]
[EventRounds "12"]
[EventCountry "BRA"]
[SourceTitle "CBM 200 Extra"]
[Source "ChessBase"]
[SourceDate "2021.03.31"]
[SourceVersion "1"]
[SourceVersionDate "2021.03.31"]
[SourceQuality "1"]

1. e4 c5 2. Ne2 d6 3. g3 f6 4. Bg2 Nc6 5. 0-0 e5 6. d3 g6 7. f4 Bg7 8. Nd2 Be6 9. Nf3 Nge7 10. Be3 Qd7 11. c4 0-0-0 12. Nc3 f5 13. Nd5 fxe4 14. dxe4 Nd4 15. Qd2 Nxd5 16. cxd5 Bh3 17. Rac1 Kb8 18. b4 Qb5 19. Bxh3 Ne2+ 20. Kf2 Nxc1 21. Rxc1 exf4 22. Bxf4 cxb4 23. Bf1 Qb6+ 24. Be3 Qa5 25. Ng5 Rhf8+ 26. Kg2 Bc3 27. Qc2 Rc8 28. Qb3 h6 29. Ne6 Rf6 30. Bf4 Be5 31. Bxe5 dxe5 32. Rxc8+ Kxc8 33. d6 Qb6 34. Qc2+ Kd7 35. Bc4 Qe3 36. Bb3 Qc3 37. Qe2 Rxe6 38. Bxe6+ Kxe6 39. Qg4+ Kf6 40. Qd7 Qc2+ 41. Kh3 Qxe4 42. Qe7+ Kf5 43. Qf7+ Kg5 44. Qe7+ Kf5 45. d7 Qg4+ 46. Kg2 Qe2+ 47. Kg1 Qe1+ 48. Kg2 Qe2+ 49. Kg1 Qd1+ 50. Kg2 Qe2+ 1/2-1/2

[Event "Pirai do Sul op 25th"]
[Site "Chess.com INT"]
[Date "2020.12.27"]
[Round "8"]
[White "Rodrigues Mota, Romulo Cardoso S"]
[Black "Fonseca, Jeferson dos Santos"]
[Result "1-0"]
[WhiteElo "1634"]
[BlackElo "1553"]
[PlyCount "145"]
[EventDate "2020.12.26"]
[EventType "swiss"]
[EventRounds "12"]
[EventCountry "BRA"]
[SourceTitle "CBM 200 Extra"]
[Source "ChessBase"]
[SourceDate "2021.03.31"]
[SourceVersion "1"]
[SourceVersionDate "2021.03.31"]
[SourceQuality "1"]

1. e4 e5 2. Nf3 Nc6 3. d4 exd4 4. Bc4 Bb4+ 5. c3 dxc3 6. 0-0 Nge7 7. Ng5 0-0 8. Qh5 h6 9. Nxf7 Rxf7 10. Qxf7+ Kh8 11. bxc3 Bc5 12. Rd1 d6 13. Rd3 Ne5 14. Qh5 Nxd3 15. Bxd3 Ng8 16. e5 dxe5 17. Qg6 e4 18. Qxe4 Nf6 19. Qg6 Qe8 20. Qxe8+ Nxe8 21. Nd2 Bd7 22. Nb3 Bd6 23. Bb2 Nf6 24. c4 Ng4 25. h3 Ne5 26. Be2 Re8 27. c5 Bf8 28. Bh5 Re7 29. Re1 Nd3 30. Rxe7 Bxe7 31. Bd4 Nb4 32. a3 Nc2 33. Bb2 Be6 34. Na5 Bxc5 35. Nxb7 Bxa3 36. Be5 c5 37. Nd8 Bg8 38. Bg4 c4 39. Be6 Bb4 40. Bxg8 Kxg8 41. Nc6 a5 42. Kf1 c3 43. Ke2 Na3 44. Kd3 Kf7 45. Bxc3 Bxc3 46. Kxc3 a4 47. Kb4 Nc2+ 48. Kxa4 Ne1 49. g3 Nd3 50. f3 Nf2 51. h4 Kf6 52. Kb4 Kf5 53. Kc3 Nh1 54. g4+ Kf4 55. Nd4 Nf2 56. Kd2 Nxg4 57. Ke2 Ne5 58. Ne6+ Kg3 59. h5 Nxf3 60. Nxg7 Nd4+ 61. Ke3 Ne6 62. Nxe6 Kh4 63. Ng7 Kg5 64. Ke4 Kf6 65. Nf5 Kg5 66. Ng3 Kg4 67. Ke5 Kxg3 68. Kf6 Kg4 69. Kg6 Kh4 70. Kxh6 Kg4 71. Kg6 Kf4 72. h6 Kg4 73. h7 1-0

[Event "Pirai do Sul op 25th"]
[Site "Chess.com INT"]
[Date "2020.12.26"]
[Round "3"]
[White "Silva Jr, Maurides Ferreira D"]
[Black "Fonseca, Jeferson dos Santos"]
[Result "1-0"]
[WhiteElo "1612"]
[BlackElo "1553"]
[PlyCount "67"]
[EventDate "2020.12.26"]
[EventType "swiss"]
[EventRounds "12"]
[EventCountry "BRA"]
[SourceTitle "CBM 200 Extra"]
[Source "ChessBase"]
[SourceDate "2021.03.31"]
[SourceVersion "1"]
[SourceVersionDate "2021.03.31"]
[SourceQuality "1"]

1. e4 e5 2. f4 Nc6 3. Nf3 d6 4. Bb5 Bg4 5. 0-0 Nf6 6. Bxc6+ bxc6 7. Nc3 Be7 8. d4 exd4 9. Qxd4 0-0 10. b3 c5 11. Qf2 Qd7 12. Bb2 Qc6 13. h3 Bxf3 14. Qxf3 Rfe8 15. Rad1 Bd8 16. Qg3 c4 17. Nd5 cxb3 18. Bxf6 g6 19. Qh4 h5 20. Qg5 Kh7 21. axb3 Qxc2 22. Bxd8 Rexd8 23. Nf6+ Kg7 24. Nxh5+ Kh7 25. Rc1 Qxb3 26. Rxc7 Qb6+ 27. Kh2 Qxc7 28. Nf6+ Kg7 29. Nd5 Qc4 30. Qf6+ Kh6 31. Ne3 Rf8 32. Nxc4 a5 33. f5 a4 34. Rf4 1-0